|
|
|
|
| LEADER |
01898nam a22003734a 4500 |
| 001 |
EBC3001782 |
| 003 |
MiAaPQ |
| 005 |
20200520144314.0 |
| 006 |
m o d | |
| 007 |
cr cn||||||||| |
| 008 |
040319s2004 nyua s 001 0 eng |
| 010 |
|
|
|z 2004006537
|
| 020 |
|
|
|z 9780814428078
|
| 020 |
|
|
|z 0814407897 (pbk.)
|
| 035 |
|
|
|a (MiAaPQ)EBC3001782
|
| 035 |
|
|
|a (Au-PeEL)EBL3001782
|
| 035 |
|
|
|a (CaPaEBR)ebr10075573
|
| 035 |
|
|
|a (OCoLC)847450422
|
| 040 |
|
|
|a MiAaPQ
|c MiAaPQ
|d MiAaPQ
|
| 050 |
|
4 |
|a HG4027.7
|b .S5 2004
|
| 082 |
0 |
4 |
|a 658.15
|2 22
|
| 100 |
1 |
|
|a Sihler, William W.,
|d 1937-
|
| 245 |
1 |
0 |
|a Smart financial management
|h [electronic resource] :
|b the essential reference for the successful small business /
|c William W. Sihler, Richard D. Crawford, Henry A. Davis.
|
| 260 |
|
|
|a New York :
|b American Management Association,
|c c2004.
|
| 300 |
|
|
|a viii, 280 p. :
|b ill.
|
| 500 |
|
|
|a Includes index.
|
| 505 |
0 |
|
|a Basic frameworks for financial management -- Legal aspects of financing the startup, early-stage and emerging businesses -- Ratios as analytical tools -- Forecasting, budgeting, and cash management -- Managing accounts receivable -- Managing inventories -- Capital budgeting and corporate valuation -- Basic capital-structure decisions -- Nonequity financing for the company -- Equity financing for the company -- Exiting the unsuccessful business -- Exiting the successful business -- Summing up smart financial management.
|
| 533 |
|
|
|a Electronic reproduction. Ann Arbor, MI : ProQuest, 2015. Available via World Wide Web. Access may be limited to ProQuest affiliated libraries.
|
| 650 |
|
0 |
|a Small business
|x Finance.
|
| 655 |
|
4 |
|a Electronic books.
|
| 700 |
1 |
|
|a Crawford, Richard,
|d 1946-
|
| 700 |
1 |
|
|a Davis, Henry A.
|
| 710 |
2 |
|
|a ProQuest (Firm)
|
| 856 |
4 |
0 |
|u https://ebookcentral.proquest.com/lib/matrademy/detail.action?docID=3001782
|z Click to View
|